000 00954nas a2200337 4500
001 BR0604046
003 BR-BrBNA
005 20231205110402.0
007 ta
008 230509b bl.|||p| |||| 00| 00por d
040 _aBR-BrBNA
_bpor
_cBiblioteca Nacional de Agricultura
041 _a(Pt)
072 _aL74
100 1 _aBrito, M.F.
100 1 _aSeixas, J.N.
100 1 _aJabour, F.F.
100 1 _aAndrade, G.B.
100 1 _aCunha, B.R.M.
100 1 _aFrança, T.N.
100 1 _aPeixoto, P.V.
245 1 _aSobre um surto de envenenamento por derivado cumarínico em bovinos
650 _aBOVINO
650 _aENVENENAMENTO
650 _aEPIDEMIA
650 _aINTOXICAÇÃO
650 _aINGESTÃO
650 _aHISTOPATOLOGIA
773 0 _tPesquisa Veterinária Brasileira (Brazil)
_xISSN 0100-736X
_g(Jul-Sep 2005), v. 25(3) p. 143-149
_wBR0604046
909 _a202311
_bLúcia
_c55
_dLúcia Elande
942 _2AGRIS
_n0
_cANA
999 _c187190
_d187190